El jardinero de los salones ó Arte de cultivar las flores en las habitaciones, en las ventanas y en los balcones / (Record no. 168089)

MARC details
000 -LEADER
campo de control de longitud fija 00822nam a2200205 i 4500
001 - NÚMERO DE CONTROL
campo de control 168089
003 - IDENTIFICADOR DE NÚMERO DE CONTROL
campo de control ES-MaACL
005 - FECHA Y HORA DE LA ÚLTIMA TRANSACCIÓN
campo de control 20251014063247.0
008 - DATOS DE LONGITUD FIJA--INFORMACIÓN GENERAL
campo de control de longitud fija 981002s1872 sp f |||| | spa d
040 ## - FUENTE DE CATALOGACIÓN
Centro catalogador/agencia de origen CARM
Lengua de catalogación spa
Centro/agencia transcriptor CCPB | 3D
100 1# - ENTRADA PRINCIPAL--NOMBRE DE PERSONA
Nombre de persona Ysabeau, Alexandre,
Fechas asociadas al nombre 1793-1873
9 (RLIN) 133997
245 13 - MENCIÓN DEL TÍTULO
Título El jardinero de los salones ó Arte de cultivar las flores en las habitaciones, en las ventanas y en los balcones /
Mención de responsabilidad, etc. por Ysabeau ; vertido del francés al castellano por José Brun y Pages.
250 ## - MENCION DE EDICION
Mención de edición 2ª ed.
Resto de la mención de edición ilustrada con 13 grabados intercalados en el texto.
260 ## - PUBLICACIÓN, DISTRIBUCIÓN, ETC.
Lugar de publicación, distribución, etc. Madrid :
Nombre del editor, distribuidor, etc. Bailly-Bailliere,
Fecha de publicación, distribución, etc. 1872.
300 ## - DESCRIPCIÓN FÍSICA
Extensión 168 p. ;
Dimensiones 19 cm.
650 04 - PUNTO DE ACCESO ADICIONAL DE MATERIA--TÉRMINO DE MATERIA
Término de materia o nombre geográfico como elemento de entrada Jardinería.
9 (RLIN) 136318
700 1# - ENTRADA AGREGADA--NOMBRE PERSONAL
Nombre de persona Brun y Pages, José.
9 (RLIN) 161122
852 ## - LOCALIZACIÓN
Ubicación ES-MaACL
Número de control de estantería D-1563
Nota libre -- Rúst. cromolit.
Holdings
Estatus retirado Estado de pérdida Estado de daño No para préstamo Colección Biblioteca de origen Biblioteca actual Ubicación en estantería Fecha de adquisición Fuente de adquisición Total de préstamos Signatura topográfica completa Código de barras Visto por última vez Precio de reemplazo Tipo de ítem Koha
        Libros del s. XIX Biblioteca del Ateneo de Madrid Biblioteca del Ateneo de Madrid Sala Valle Inclán 17/01/2008     D-1563 901176363 23/02/2023 23/02/2023 Libro impreso antiguo